Superhero Teams - Statistics

General Stats
  • This quiz has been taken 86 times
  • The average score is 37 of 52
Answer Stats
Answers % Correct
Captain America
99%
Hulk
99%
Iron Man
99%
Black Widow
97%
Black Widow
97%
Hawkeye
97%
Thor
97%
Batman
96%
Superman
94%
Wonder Woman
94%
Flash
93%
Wolverine
93%
Cyborg
91%
Robin
91%
Groot
90%
Rocket Raccoon
90%
The Thing
90%
Beast
88%
Drax
88%
Star Lord
88%
Gamora
85%
Human Torch
85%
Aquaman
82%
Cyclops
82%
Invisible Woman
82%
Beast Boy
79%
Green Lantern
79%
Professor X
78%
Raven
78%
Starfire
76%
Mantis
69%
Martian Manhunter
69%
Nebula
68%
Storm
66%
Winter Soldier
66%
Jean Grey
65%
Red Guardian
62%
Sentry
54%
Mister Fantastic
51%
Rogue
50%
Iceman
49%
Ghost
47%
Kid Flash
47%
Nightwing
47%
Nightcrawler
46%
Taskmaster
43%
US Agent
40%
Superboy
32%
Shazam
26%
Red Hood
21%
Kitty Pryde
13%
Red Robin
13%
No matching quizzes found
Score Distribution
Percent of People with Each Score
Percentile by Number Answered
Your Score History
You have not taken this quiz